| 000 | 00407nam a2200157Ia 4500 | ||
|---|---|---|---|
| 003 | LK-CoDNM | ||
| 008 | 010623t1985 xxu||||| |||| 00| 1 eng d | ||
| 040 |
_aLK-CoDNM _dLK-CoDNM _eLK-CoDNM |
||
| 041 | _aeng | ||
| 080 | _a(x)908 [3] | ||
| 100 | _aSeneviratne,Maureen | ||
| 245 | _aEssaying in to Serendipity | ||
| 260 |
_bLake House Investments LTD _aColombo _c1985 |
||
| 300 | _b107p, 21 cm | ||
| 942 | _cBK | ||
| 999 |
_c112753 _d112753 |
||